00346nam a2200133Ia 4500008004100000100004700041245004200088250001200130260002600142300000800168650001200176942000700188999001700195190216s9999||||xx |||||||||||||| ||und|| aWilliam F. Hughes & John A . Brighter 0aTheory And Problems Of Fluid Dynamics a1st Ed. bSchaum Pub: Co:c1967 a265 aPhysics cBK c32728d32728